Justicia en la U.R.S.S. (Record no. 32659)

MARC details
000 -LEADER
campo de control de longitud fija 00547nam a2200169 i 4500
001 - NÚMERO DE CONTROL
campo de control 32659
003 - IDENTIFICADOR DE NÚMERO DE CONTROL
campo de control ES-MaACL
005 - FECHA Y HORA DE LA ÚLTIMA TRANSACCIÓN
campo de control 20230906154619.0
007 - CAMPO FIJO DE DESCRIPCIÓN FÍSICA--INFORMACIÓN GENERAL
campo de control de longitud fija t|
008 - DATOS DE LONGITUD FIJA--INFORMACIÓN GENERAL
campo de control de longitud fija 030131s1967 sp ||||1| spa d
100 1# - ENTRADA PRINCIPAL--NOMBRE DE PERSONA
Nombre de persona Berman, Harold J.
9 (RLIN) 28074
245 10 - MENCIÓN DEL TÍTULO
Título Justicia en la U.R.S.S.
Resto del título : una interpretación del Derecho soviético /
Mención de responsabilidad, etc. Harold J. Berman ; traducción de Juan Ramón Capella.
260 ## - PUBLICACIÓN, DISTRIBUCIÓN, ETC.
Lugar de publicación, distribución, etc. Barcelona :
Nombre del editor, distribuidor, etc. Ariel,
Fecha de publicación, distribución, etc. [1967]
300 ## - DESCRIPCIÓN FÍSICA
Extensión 480 p. ;
Dimensiones 23 cm.
700 1# - ENTRADA AGREGADA--NOMBRE PERSONAL
Nombre de persona Capella, Juan-Ramón.
9 (RLIN) 34819
852 ## - LOCALIZACIÓN
Ubicación ES-MaACL
Número de control de estantería C-33585
Sublocalización o colección R.64656
Holdings
Estatus retirado Estado de pérdida Estado de daño No para préstamo Biblioteca de origen Biblioteca actual Ubicación en estantería Fecha de adquisición Fuente de adquisición Total de préstamos Signatura topográfica completa Código de barras Visto por última vez Precio de reemplazo Tipo de ítem Koha
        Biblioteca del Ateneo de Madrid Biblioteca del Ateneo de Madrid Depósito 2 17/01/2008     C-33585 1033863 23/02/2023 23/02/2023 Libro impreso